Statystyki dla kraje bez rzek

Kliknij tutaj aby rozwiązać quiz!

Ogólne statystyki

  • Ten quiz został rozwiązany 129 razy
  • Średni wynik to 10 z 20

Statystyki odpowiedzi

PowierzchniaKraj% Poprawnych
0,44 km²Watykan
83%
2 km²Monako
76%
2 150 000 km²Arabia Saudyjska
71%
527 968 km²Jemen
63%
11 571 km²Katar
62%
309 501 km²Oman
62%
316 km²Malta
58%
83 600 km²Zjednoczone Emiraty Arabskie
56%
17 818 km²Kuwejt
51%
765 km²Bahrajn
50%
21 km²Nauru
50%
1 760 000 km²Libia
46%
181 km²Wyspy Marshalla
40%
26 km²Tuvalu
39%
811 km²Kiribati
38%
748 km²Tonga
30%
300 km²Malediwy
29%
1 862 km²Komory
28%
23 200 km²Dżibuti
27%
13 878 km²Bahamy
19%

Rozkład punktacji

Percentyl według liczby udzielonych odpowiedzi

Procent ludzi z każdym wynikiem

Twoja historia wyników

Nie rozwiązałeś tego quizu